Culture Générale - Clic Quiz - La réponse est en emoji par IA #4 - Statistiques

Statistiques générales
  • Ce quiz a été pris 484 fois
  • Le résultat moyen est 21 sur 40
Statistiques - réponses
Hint Réponse % Correct
Antoine Griezmann
92%
Bob Marley
91%
Lionel Messi
91%
Victor Hugo
90%
Michael Jordan
90%
Cristiano Ronaldo
89%
Snoop Dog
87%
Neymar Jr
86%
David Guetta
83%
Kobe Bryant
79%
Benito Mussolini
77%
Paul Bocuse
75%
Bradley Cooper
75%
Robert Lewandowski
73%
Justin Trudeau
61%
Quentin Tarantino
60%
Steven Spielberg
59%
Antoine Lavoisier
56%
Luciano Pavarotti
52%
Sean Penn
49%
Silvio Berlusconi
47%
Alain Finkielkraut
44%
Andy Warhol
44%
Larry Bird
43%
Alexandre Dumas
43%
Arthur Rimbaud
42%
Tom Selleck
41%
Mr Night Shyamalan
36%
Martin Scorsese
36%
Nicolae Ceaușescu
33%
Conan O'Brien
27%
Yul Brynner
26%
Ennio Morricone
26%
Joe Rogan
21%
Frank Castle
16%
David Fincher
16%
Stephen Colbert
14%
David Hockney
13%
Alex Jones
9%
Anthony Fauci
8%
Aucun quiz correspondant
Distribution des résultats
% des personnes avec chaque résultat
Percentile par nombre de réponses
Votre historique - résultats
Vous n’avez pas pris ce quiz